Notas de mi viaje desde Venezuela a España y otros países europeos / (Record no. 171908)

MARC details
000 -LEADER
campo de control de longitud fija 00474nam a22001455i 4500
001 - NÚMERO DE CONTROL
campo de control 171908
003 - IDENTIFICADOR DE NÚMERO DE CONTROL
campo de control ES-MaACL
005 - FECHA Y HORA DE LA ÚLTIMA TRANSACCIÓN
campo de control 20230906214749.0
008 - DATOS DE LONGITUD FIJA--INFORMACIÓN GENERAL
campo de control de longitud fija 090608s1970 sp |||| | spa d
100 1# - ENTRADA PRINCIPAL--NOMBRE DE PERSONA
Nombre de persona Melchor, Angelina R.
9 (RLIN) 140533
245 10 - MENCIÓN DEL TÍTULO
Título Notas de mi viaje desde Venezuela a España y otros países europeos /
Mención de responsabilidad, etc. Angelina R. Melchor.
260 ## - PUBLICACIÓN, DISTRIBUCIÓN, ETC.
Lugar de publicación, distribución, etc. Cádiez :
Nombre del editor, distribuidor, etc. [La autora,
Fecha de publicación, distribución, etc. 1970]
300 ## - DESCRIPCIÓN FÍSICA
Extensión 68 p. :
Otras características físicas 1 ret. aut. ;
Dimensiones 24 cm.
852 ## - LOCALIZACIÓN
Ubicación ES-MaACL
Número de control de estantería C-41750
itemnumber R.73403
Holdings
Estatus retirado Estado de pérdida Estado de daño No para préstamo Biblioteca de origen Biblioteca actual Ubicación en estantería Fecha de adquisición Fuente de adquisición Total de préstamos Signatura topográfica completa Código de barras Visto por última vez Precio de reemplazo Tipo de ítem Koha
        Biblioteca del Ateneo de Madrid Biblioteca del Ateneo de Madrid Depósito 2 08/06/2009     C-41750 1180412 23/02/2023 23/02/2023 Libro impreso